[Event "WchT 4th"]
[Site "Luzern"]
[Date "1997.10.29"]
[Round "5.2"]
[White "Kozul, Zdenko"]
[Black "Lputian, Smbat G"]
[Result "0-1"]
[WhiteElo "2605"]
[BlackElo "2585"]
[Annotator "Ribli,Z"]
[PlyCount "88"]
[EventDate "1997.10.25"]
[EventType "team-tourn"]
[EventRounds "9"]
[EventCountry "SUI"]
[SourceTitle "CBM 062"]
[Source "ChessBase"]
[SourceDate "1998.01.31"]
[SourceVersion "1"]
[SourceVersionDate "1998.01.31"]
[SourceQuality "1"]
[WhiteTeam "Croatia"]
[BlackTeam "Armenia"]
[WhiteTeamCountry "CRO"]
[BlackTeamCountry "ARM"]

1. d4 {Ftacnik Lputian} d5 2. c4 e6 3. Nf3 Nf6 4. g3 c6 5. Qc2 Nbd7 6. Bg2 Be7
{Die andere Möglichkeit wäre 6...Bd6 mit der Idee dxc4 und e6-e5.Ribli.} 7. O-O
O-O 8. b3 b6 {Wir haben den sogenannten geschlossenen Katalaner vor uns.
Schwarz möchte seine Entwicklung zum Abschluß bringen und mit c6-c5 Ausgleich
erreichen.} 9. Bb2 {Das ist ein natürlicher Entwicklungszug, aber in vielen
Varianten steht der Läufer auf c1 besser.} (9. Nc3 Ba6 10. Bf4 (10. Nd2 b5 (
10... Qc7 11. e4 Rfd8 12. Re1 Rac8 13. a4 Bb4 14. e5 Ne8 15. Ba3 Bxa3 16. Rxa3
c5 {0-1 Rotstein,A-Polak,T/Vienna op 1996 (43)}) 11. a4 (11. Re1 bxc4 12. bxc4
dxc4 (12... Qc8 13. Na4 Bb4 14. c5 e5 15. Bb2 e4 16. Bc3 Bxc3 17. Nxc3 Re8 18.
Nf1 Nf8 19. Qa4 h5 20. f4 e3 21. Nd1 Bb5 22. Qc2 Ne6 23. Qc3 Qa6 24. Nfxe3 Bxe2
25. Nf2 Nc7 26. Qd2 {1-0 Shuraev,A-Rustemov,A/Tula 1995 (54)}) 13. Qa4 Qc8 14.
Qxc6 Nb6 15. Rb1 Qd8 16. e3 Nfd5 17. Nxd5 exd5 18. Bh3 f5 19. Rxb6 axb6 20. Bg2
Kh8 21. Qxd5 c3 {0-1 Sukharisingh,R-Vaganian,R/BL9697 1996 (35)}) 11... bxc4
12. bxc4 Rb8 13. Ba3 Bxa3 14. Rxa3 Qa5 15. Rfa1 c5 16. dxc5 Qxc5 {1/2-1/2
Espig,L-Jacob,G/NRW-Cup Masters op 1997 (24)}) 10... Rc8 11. Rfd1 Qe8 12. e4
dxc4 13. Nd2 e5 14. dxe5 Ng4 15. Nxc4 Bxc4 16. bxc4 Bc5 17. Rd2 Ngxe5 {1/2-1/2
Beliavsky,A-Almasi,Z/Groningen 1994/CBM 45 (25)}) (9. Rd1 $5 {Ich empfehle
diesen Zug. Wenn Schwarz 9...Ba6 spielt, antwortet Weiß mit 10.Nbd2, und auf 9.
..Bb7 folgt 10.Nc3.}) (9. Rd1 $5 {Ftacnik}) 9... Ba6 10. Rd1 Rc8 11. Nc3 (11.
Nbd2 $5 {Wenn der schwarze Läufer auf a6 steht, empfehle ich diesen Zug. Die
Partiefortsetzung ist auch interessant, Weiß opfert einen Bauern.}) 11... Qc7
$5 $146 {Das ist ein logischer Zug. Schwarz öffnet die Stellung nicht, sondern
entwickelt zuerst seine Dame. Jetzt sehen wir den Nachteil von 9.Bb2. Mit dem
Läufer auf c1 wäre 12.Bf4 möglich.} (11... dxc4 12. Ne5 (12. bxc4 Bxc4 13. Qa4
(13. Ne5 Nxe5 14. dxe5 Nd5 15. e4 Nb4 $17) 13... b5 $17) 12... Nxe5 (12... cxb3
{Lputian} 13. axb3 Nb8 {=/+/-/+}) 13. dxe5 Nd7 (13... Nd5 14. Ne4 $13) 14. Ne4
Qc7 15. Nd6 Rcd8 16. f4 Nc5 17. Nxc4 Nb7 18. Be4 {Paulsen,D-Schmidt,B/BL8182
1982/BL 80/0-1 (48)}) (11... b5 12. c5 b4 13. Na4 Bb5 14. Ne1 Rb8 (14... Bxa4
$6 {Ftacnik ><b5}) 15. Nd3 Ne8 16. Rab1 a5 17. e3 f5 18. a3 (18. f3 $5 {
Ftacnik Hjartarson,J}) 18... bxa3 19. Bxa3 Nc7 20. Bc1 Na6 21. Nab2 e5 22. Bd2
e4 23. Nf4 Rf6 24. Ra1 Nb4 25. Bxb4 axb4 26. h4 {Tisdall,J-Hjartarson,J/
Reykjavik op 1996/CBM 52/[Tisdall]/1-0 (55)}) 12. e4 {Ohne diesen typischen
Zug hätte Weiß keine Hoffnung auf Eröffnungsvorteil.} (12. cxd5 cxd5 13. Rac1
$11) (12. Nd2 $5) (12. Nd2 {Lputian} c5 $13) 12... dxc4 (12... dxe4 13. Nxe4
Nxe4 14. Qxe4 $14 {Weiß hat Vorteil im Zentrum und die freiere Stellung. In
dieser konkreten Stellung hat der Ba6 keine Zukunft.}) 13. Qe2 {[%cal Ge2a6]} (
13. h4 $5 {Lputian}) 13... b5 14. bxc4 b4 $1 {Ein ungewöhnliches Motiv.
Schwarz gibt seine Zentrumsstrategie zugunsten aktiven Flankenspiels auf.} (
14... bxc4 15. Nd2 (15. Bf1 $15 {Lputian}) (15. Rac1 {Ftacnik} Rb8 $13) 15...
Nb6 16. a4 $14) 15. Nb1 (15. Na4 {[%csl Ra4]} Qa5 (15... c5 {Ftacnik} 16. e5
Nd5 17. Rac1 Qa5 18. Nxc5 Nxc5 19. dxc5 Qxc5 $13) (15... Nb6 16. Nxb6 axb6 17.
e5 $14) 16. a3 $5 (16. Qc2 {Lputian} Nxe4 $17) 16... Qxa4 (16... bxa3 17. Bxa3
Bxa3 18. Rxa3 Qb4 19. Rda1 Bxc4 (19... Qxc4 20. Qxc4 Bxc4 21. Nb2) 20. Qc2 $44)
(16... b3 17. Nc3 Rfd8 $13) 17. axb4 {[%cal Ra1a7]} Qxb4 18. Rxa6 $14) 15...
Nb6 {[%csl Rc4]} (15... c5 {Lputian} 16. d5 exd5 (16... Nb6 17. d6 Bxd6 18. e5)
17. exd5 Nb6 18. Ne5 $13) 16. Nbd2 (16. Ne5 c5) 16... Na4 {[%csl Ga4,Rc3]} 17.
Rab1 (17. Nb3 $2 {Ftacnik} Bxc4 $1 $19) 17... c5 $1 $15 {Mit diesem Zug
übernimmt Schwarz die Führung.} 18. Rdc1 (18. d5 $2 Nxb2 19. Rxb2 exd5 20. exd5
Nxd5 $17 {[%cal Ga6e2]}) (18. e5 Nd5 $17 {[%csl Rc3][%cal Ga6e2]}) 18... Rfd8
19. dxc5 (19. e5 {Ftacnik} Nd5 20. Ne4 cxd4 $17) 19... Nxb2 (19... Nd7 {Lputian
} 20. Ba1 Ndxc5 21. Nb3 $15 (21. Rxb4 $2 Nd3 22. Rxa4 Nxc1 23. Qd1 Nd3 24. Rxa6
Bc5 $17)) 20. Rxb2 Qxc5 {Ftacnik: Two bishops and excellent pieces are
favourizing black's chances. Schwarz hat das Läuferpaar, und die Schwächung
der schwarzen Felder in der weißen Stellung ist fühlbar. Ftacnik: Zwei Läufer
und herrliche Figuren favorisieren Schwarz.} (20... Bxc5 {Lputian} 21. Nb3 Bb7
22. Nxc5 Qxc5 23. a3 $15) 21. Rbc2 (21. Nb3 {Ftacnik} Bxc4 22. Qe1 Qb6 $17)
21... Nd7 {Der Springer strebt nach e5 oder c5, in einigen Varianten ist Bf6
möglich.} (21... Bb7 {Lputian} 22. Nb3 Qc7 23. Nfd4 $15) 22. Nb3 Qc7 23. Nfd4 (
23. Qe1 {Ftacnik} Nc5 $15) 23... Ne5 {[%csl Rc4]} (23... Nc5 24. Nxc5 Bxc5 25.
Nb3) 24. Bf1 {Ob es Weiß gefällt oder nicht: er muß den Pc4 mit dem großen
katalanischen Läufer verteidigen.} (24. Nb5 Qb6 {Es droht 25...Nxc4.} (24...
Qb8)) 24... Rd7 25. Nb5 Qb8 26. Qe3 (26. f4 {Ftacnik} Nc6 $15) 26... Rcd8 {
[%cal Gd8d1] Schwarz hat nicht nur das Läuferpaar und Raumvorteil, sondern
auch viele potentielle Eindringungsfelder auf der d-Linie.} 27. Kg2 {Weiß
verhindert taktische Verwicklungen nach eventuellem ...Nf3.} (27. f4 $6 {
Dieser Zug erschwaecht die weisse Koenigsstellung.Ribli.} Nxc4 (27... Ng4 28.
Qf3 Qb6+ $6 29. c5) 28. Bxc4 Bxb5) (27. Rd2 $4 {Ftacnik} Rxd2 28. Nxd2 Rxd2 $19
) 27... h6 (27... Nxc4 28. Bxc4 Bxb5 29. Bxb5 (29. Na5 Bf8 $17) 29... Qxb5 {
Der Bauerngewinn wäre auch möglich, aber Schwarz braucht nicht zu eilen.} (
29... Qxb5 {Lputian} 30. Rc7 a6 $17)) (27... h5 $5 {Lputian}) 28. N5d4 (28. Nc5
{Ftacnik} Bxc5 29. Qxc5 Bb7 30. Re1 Nc6 31. a3 a6 $19) {[#]} 28... Rxd4 $1 {
Eine schönes positionelles -"armenisches"- Qualitätsopfer. Tigran Petrosjan
wäre stolz.... Nach dem Partiezug fesselt Schwarz den Nd4 und entscheidet
damit die Partie, weil Weiß nichts tun kann, um sich von der Feßlung zu
befreien.} (28... Bb7 {Lputian} 29. c5 $13) 29. Nxd4 Bc5 {[%csl Gc5,Rd4,Gd8,
Re3]} 30. Rd1 Qd6 $6 (30... Qb6 31. Rcd2 (31. Nxe6 {Lputian} Rxd1 (31... Bxe3 {
Ftacnik} 32. Rxd8+ Kh7 33. Nf8+ Kg8 34. Re8 b3 $13) 32. Nxc5 Bc8 $1 (32... Rxf1
33. Nxa6 Qxe3 34. fxe3 Rb1 35. c5 Nc6 $13) 33. h3 (33. Be2 Re1 $17) (33. a3
bxa3 34. Qxa3 Qb1 $19) 33... a5 {=/+/-/+}) 31... Nxc4 32. Bxc4 Bxc4 $15 {
Schwarz hat einen Bauern für die Qualität, aber sein aktives Läuferpaar und
die Feßlung bieten dem Nachziehenden die besseren Aussichten.}) 31. Rcd2 Qb6 {
[%csl Gb6,Gc5,Rd4,Gd8,Re3]} 32. f4 $6 (32. Nf3 $5 {Meiner Meinung nach wäre
das die einzige Chance für Weiß, im Trüben zu fischen.} Bxe3 (32... Rf8 $1 {
Lputian} 33. Qf4 Nxf3 34. Qxf3 (34. Kxf3 f5 $17) 34... f5 $17) 33. Rxd8+ Kh7
34. Nxe5 Qa5 35. fxe3 Qxe5 $15 {[%csl Re3,Re4,Rg2]}) (32. Nxe6 {Ftacnik} Rxd2
33. Qxd2 Qxe6 $17) 32... Nxc4 33. Bxc4 Bxc4 {[%csl Gc4,Gc5,Rg2] Ftacnik: White
has enormous problems to untangle at a reasonable cost. Ftacnik: Weiss kämpft
mit grossen Problemen, sich zu einem bezahlbaren Preis zu befreien .} 34. Kh3 (
34. g4 {Lputian} Bb5 {/\Ba4-/+}) 34... a5 $17 {Ich sehe nicht, wie Weiß sich
von der Feßlung befreien könnte; der Plan von Schwarz am Damenflügel hingegen
ist fast schon vom Brett abzulesen.} (34... e5 $1 {Lputian} 35. fxe5 (35. Nf5
Bxe3 36. Rxd8+ Kh7 $19) 35... a5 $19) 35. e5 (35. Kg2 {Ftacnik} a4 $17) 35...
Ba6 {[%cal Ga6b7,Gb7h1]} 36. Qe4 (36. g4 {Lputian /\f4-f5+/-}) 36... Bb7 37.
Qe3 a4 (37... h5 {Lputian} 38. g4 hxg4+ 39. Kxg4 a4 $19) 38. f5 $6 {
Psychologisch ist das verständlich: Weiß möchte einen aktiven Zug machen
-übrigens der erste in der Partie-, aber das kommt nur Schwarz zugute.} (38. g4
$1 {Lputian}) (38. Kh4 {Ftacnik} a3 39. Kh3 Bd5 40. Qe2 Bxa2 41. Rxa2 Rxd4 $17)
38... exf5 39. e6 (39. Qf4 {Ftacnik} g5 $1 $19) 39... Be4 {[%csl Ge4]} (39...
fxe6 $2 40. Qxe6+ Qxe6 (40... Kh8 {Ftacnik} 41. Qxb6 Bxb6 42. Nxf5 $14) 41.
Nxe6 Rxd2 42. Rxd2 $14) 40. exf7+ Kxf7 {[%csl Rh3] Nach der Zeitkontrolle ist
die weiße Stellung kritisch. Sein König befindet sich im Mattnetz, es droht z.
B. 41...Qg6 nebst 42...Qh5 Matt.} 41. Qe2 g5 $1 $19 {Droht 42...g4 43.Kh4 Qf6.}
(41... Rxd4 42. Rxd4 Bxd4 43. Qc4+ Kf6 44. Rxd4 (44. Qxd4+ Qxd4 45. Rxd4 $15))
(41... Bxd4 {Lputian} 42. Qc4+ Qe6 43. Qxe6+ Kxe6 44. Rxd4 Rxd4 45. Rxd4 b3 46.
axb3 axb3 47. Rb4 Bd5 $19) 42. g4 (42. Nxf5 {Lputian} Bxf5+ 43. g4 Rxd2 44.
Rxd2 Be6 45. Qe5 Bf8 $19) (42. Qh5+ {Ftacnik} Kg7 43. Ne6+ Qxe6 44. Rxd8 g4+
45. Kh4 Be7+) (42. Qe3 {Ftacnik} g4+ 43. Kh4 Be7+ 44. Kh5 Qg6#) 42... Bxd4 43.
Qc4+ Bd5 44. Qxd4 fxg4+ {Und Weiß muß aufgeben, denn er verliert entweder die
Dame oder wird Matt gesetzt.Ribli.} (44... fxg4+ 45. Kxg4 (45. Kg3 Qc7+ 46. Kf2
Qxh2+ 47. Ke1 (47. Kf1 Qh1+ 48. Kf2 Qg2+ 49. Ke1 Re8+) 47... Qh1+ 48. Ke2 Qf3+
49. Ke1 Re8+ $19) (45. Qxg4 {Ftacnik} Qe3+ 46. Qg3 g4+ 47. Kxg4 (47. Kh4 Qg5#)
47... h5+ 48. Kh4 Qe4+ 49. Kg5 Rg8+ $19) 45... Be6+ $19) (44... Bg2+ {Ftacnik}
45. Kxg2 Rxd4 46. Rxd4 f4 $19) 0-1

[Event "USA-ch G1"]
[Site "Chandler"]
[Date "1997.08.25"]
[Round "3"]
[White "Gulko, Boris F"]
[Black "Browne, Walter Shawn"]
[Result "1/2-1/2"]
[WhiteElo "2580"]
[BlackElo "2530"]
[Annotator "Ribli,Z"]
[PlyCount "85"]
[EventDate "1997.08.23"]
[EventType "tourn"]
[EventRounds "7"]
[EventCountry "USA"]
[EventCategory "12"]
[SourceTitle "CBM 061"]
[Source "ChessBase"]
[SourceDate "1997.11.23"]
[SourceVersion "1"]
[SourceVersionDate "1997.11.23"]
[SourceQuality "1"]

1. d4 Nf6 2. c4 e6 3. g3 Bb4+ 4. Bd2 Be7 5. Bg2 d5 6. Nf3 O-O 7. O-O c6 {
Wenn Schwarz nicht auf c4 nimmt -die geschlossene Katalanische Verteidigung-
kann er -wie in unserer Partie- mit kleinen normalen Entwicklungszügen
beginnen und später c6-c5 spielen.Ribli.} 8. Qc2 (8. Qb3 {Das ist eine
Alternative, aber - meiner Meinung nach- steht die Dame auf c2 flexibler.})
8... Nbd7 (8... b6 9. Bf4 Bb7 10. Ne5 Nbd7 (10... dxc4 11. Nxc4 (11. Qxc4 Ba6
12. Qc2 Qxd4 13. Rd1 Qc5 14. Nc3 $36 {[%csl Rc5]}) 11... Qxd4) (10... Nfd7 11.
Nd3 a5 $5 (11... Nf6 12. Rd1 Nbd7 13. Nd2 $14 {Horvath,Jo-Roos,C Bischwiller
1997.})) 11. cxd5 cxd5 12. Nc6 Bxc6 13. Qxc6 Qc8 14. Qa4 Qb7 15. Nc3 a6 16.
Rfe1 $1 b5 17. Qb3 Qa7 18. e4 $36 {Horvath,Jo-Horvath,Gy.Ung.
Mannschafftmeisterschafft 1996/97.}) 9. Bf4 b6 10. Rd1 Bb7 (10... Ba6 11. Nbd2
Rc8 (11... Nh5 $5) 12. e4 dxc4 (12... dxe4 13. Ne5) 13. Nxc4 Nxe4 14. Nfe5 Bxc4
15. Qxc4 Nd6 16. Qa4 $14 {Horvath,Jo-Kiss,A Zalakaros 1995.}) 11. Nc3 Rc8 (
11... Nh5) (11... dxc4 12. Nd2 Nd5 13. Nxc4 Nxf4 14. gxf4 {Ein bekanntes Motiv
in dieser Eröffnung. Der weiße Doppelbauer ist nicht schwach, und der Pf4
kontrolliert das Feld e5.} Qc7 15. e3 Rac8 16. Rab1 Nf6 (16... c5 $2 17. Nb5
Qb8 18. Bxb7 Qxb7 19. Nbd6)) 12. Rac1 (12. Ne5 Nh5 13. Be3 Nhf6 14. h3 (14.
Rac1 Nxe5 15. dxe5 {1/2-1/2 Gulko,B-Nogueiras,J/Novi Sad olm 1990}) 14... b5
15. Nxd7 Nxd7 16. c5 b4 17. Na4 Ba6 18. Bf1 Rb8 19. b3 Bb5 20. Nb2 e5 21. dxe5
Nxe5 22. a3 bxa3 23. Rxa3 Rb7 24. Na4 Qb8 25. Nc3 Bf6 26. Bd4 Re8 {Beliavsky,
A-Jussupow,A/Ubeda 1997/CBM 58/[Ernst]/0-1 (39)}) 12... Nh5 {Eine gute
Zugfolge für Schwarz. In anderen Varianten ist nach Nh5 das Läufermanöver
Bc1-b2 gut für Weiß, aber nach 12.Rac1 besteht diese Möglichkeit nicht mehr.}
13. Bd2 $146 (13. Be3 Bd6 (13... f5 $2) 14. Qb3 Qe7 15. cxd5 exd5 16. Bh3 f5
17. Bg5 Qf7 18. e3 Rce8 19. Bf4 Qe7 20. Qc2 g6 21. Bh6 Ng7 22. Ne2 Kh8 23. Nf4
Rc8 24. Bg2 Nf6 25. Bg5 Qe8 {1/2-1/2 Ginting,N-Tiviakov,S/World Cities 1997/
EXP 58}) 13... Nhf6 {Das ist ein verstecktes Remisangebot.} (13... f5) 14. b3
c5 $11 {[%cal Gc8c2] Schwarz hat eine angenehme Stellung erreicht. Der weiße
Bd2 steht schlecht.Ribli.} 15. dxc5 Bxc5 16. Bf4 $6 (16. cxd5 $5 Nxd5 (16...
exd5 17. Qd3 (17. Qf5) (17. Bf4) (17. Bg5)) 17. Qb2 $5) 16... dxc4 17. bxc4 Qe7
$15 {Schwarz hat die bessere Bauernstruktur und gutes Figurenspiel.} 18. Ng5
Bxg2 19. Kxg2 h6 20. Nge4 e5 $5 (20... Nxe4 21. Nxe4 Nf6) (20... Ba3 21. Bd6
Bxd6 22. Nxd6) 21. Nxc5 (21. Bd2 Ba3 22. Rb1 Rxc4 $17) 21... Qxc5 (21... Rxc5
22. Be3 Rxc4 $2 23. Nd5 Rxc2 24. Nxe7+ $18) 22. Be3 Qxc4 {Schwarz hat einen
Bauern mehr, aber das weiße Figurenspiel funktioniert gut. So ist es alles
andere als einfach, diesen Materialvorteil zu verwerten.} 23. Qf5 $1 Qc6+ (
23... Qb4 24. Nd5 Nxd5 25. Rxd5 Rxc1 26. Bxc1 Qc4 27. Rxd7 Qxc1 28. Rxa7 $11)
24. f3 Qb7 25. Kf2 {Ein profilaktischer Zug: Weiß beugt eventuellen Drohungen
auf der Diagonale a8-h1 vor.} Rc6 (25... a6 $5) 26. Nb5 {[%csl Rd6]} Rxc1 27.
Rxc1 {Schwarz hat minimalen Materialvorteil, aber alle weißen Figuren stehen
aktiv.} Qa6 $6 (27... a6 $5 28. Rc7 (28. Nd6 Qd5 29. Nc4 b5) 28... Qd5 29. Nc3
Qd6 $17 {[%csl Rc7]}) (27... Nd5 28. Nd6 Nxe3 29. Kxe3 Qd5 $1 30. Qxd7 Qd4#)
28. Qb1 $44 Nd5 (28... Rc8 29. Rxc8+ Qxc8 30. Nxa7 $11) 29. Nc7 Nxc7 30. Rxc7 {
[%csl Gc7]} Nf6 (30... Nc5 31. Bxc5 bxc5 32. Rxc5 Qd6 33. Qc2 $11) 31. Qb3 {
[%csl Ra6,Gb3,Gc7,Rf8]} Qa5 32. Re7 e4 {Schwarz hat nach wie vor
Materialvorteil, aber es ist nicht leicht voranzukommen. Mit dem Partiezug
wird Weiß erlaubt, seinen Läufer zu aktivieren.} (32... h5) 33. Bd4 {[%csl Gb3,
Gd4,Ge7]} Qh5 {Schwarz kann nach dem Partiezug seinen Turm befreien, zugleich
hängt Ph2.} 34. h4 (34. Kg2) 34... exf3 35. exf3 Rd8 36. Bxf6 gxf6 37. Qc3 $11
(37. Rxa7 Qc5+ 38. Kg2 Rd2+ 39. Kh3 Qf5+ 40. g4 $11) 37... Qf5 38. Qc4 (38.
Rxa7 Rd3 39. Qc6 Rd2+ 40. Ke1 Rd8 41. Kf2 $11) 38... Rd5 (38... Qd5 39. Qxd5
Rxd5 40. Rxa7 $11) 39. g4 Qd3 40. Qxd3 Rxd3 41. Rxa7 {Die Bauernschwächen in
der schwarzen Stellung haben keine Bedeutung - die Stellung ist ausgeglichen.}
Kg7 42. Kg3 b5 43. Kf4 {Und hier einigte man sich auf Remis.Ribli.} 1/2-1/2

[Event "RUS-ch qual 57th"]
[Site "Tomsk"]
[Date "2004.05.30"]
[Round "8"]
[White "Iskusnyh, Sergei"]
[Black "Filippov, Valerij"]
[Result "0-1"]
[WhiteElo "2507"]
[BlackElo "2639"]
[Annotator "Ribli,Z"]
[PlyCount "80"]
[EventDate "2004.05.23"]
[EventType "swiss"]
[EventRounds "9"]
[EventCountry "RUS"]
[SourceTitle "CBM 102"]
[Source "ChessBase"]
[SourceDate "2004.09.23"]
[SourceVersion "1"]
[SourceVersionDate "2004.09.23"]
[SourceQuality "1"]

1. d4 d5 2. c4 e6 3. Nf3 Nf6 4. g3 c6 5. Bg2 Nbd7 6. O-O Be7 7. Qc2 O-O 8. b3
b6 9. Nc3 {Statt dieser Fortsetzung spielt Weiß gewöhnlich 9.Rd1 (ein
nützlicher Wartezug) und im Falle von 9...Ba6 kann Weiß 10.Nbd2 spielen, weil
im Falle von 9...Bb7 schon 10.Nc3 kommt.} Ba6 10. e4 {Weiß opfert einen Bauern,
aber ich bin gar nicht überzeugt, ob Weiß im Folgenden (ausreichende)
Kompensation hat. Statt der Partiefortsetzung ist der gewöhnliche Zug 10.Rd1,
aber in diesem Fall hat auch Schwarz eine bequeme Stellung.} dxc4 11. bxc4 Bxc4
12. Rd1 Rc8 $15 {[%mdl 4] Schwarz hat einen Bauern mehr und auch wenn Weiß
Raumvorteil im Zentrum und Chancen auf Initiative hat, ist das keine
ausreichende Kompensation.} (12... Ba6 13. h4 Re8 14. Bg5 h6 15. Bf4 Bb7 16.
Bh3 Bb4 17. e5 Nd5 18. Nxd5 cxd5 19. Qb3 Be7 20. Bf1 a5 21. Qe3 Ba6 {1/2-1/2
Pinchuk,S-Trajkovic,P/Nikea 2002/CBM 89 ext (54)}) 13. a4 (13. Ne5 Nxe5 14.
dxe5 Nd7 15. Qa4 b5 16. Qxa7 Rc7 $17) 13... Ba6 14. Bf4 (14. a5 b5 $15) (14.
Bg5) 14... Re8 15. h4 (15. Ne5 Nxe5 16. dxe5 Nd7 $11) 15... Bb7 16. Rab1 $6 (
16. a5 $5 b5 (16... c5 17. axb6 axb6 18. Ra7 $44 (18. d5 exd5 19. exd5 Ra8 $15)
18... cxd4 19. Nxd4) 17. a6 Ba8 $15) 16... b5 $36 {Mit diesem Zug übernimmt
Schwarz die Führung am Damenflügel.} (16... c5) 17. Qa2 (17. axb5 $2 cxb5 $17)
17... b4 $17 18. e5 Nd5 19. Nxd5 (19. Ne4 Nxf4 20. gxf4 c5 $17) (19. Ne2 c5 $17
) 19... cxd5 {Schwarz hat jetzt einen klaren Bauern mehr und er möchte seinen
b4-Bauern mit a7-a5 verteidigen.} 20. a5 Ba6 {[%csl Ga6][%cal Ga6c4] Schwarz
hat nicht nur einen Bauern mehr, sondern auche eine sehr aktive Läuferstellung
auf a6.} 21. Bd2 Bc4 22. Qa4 b3 23. Bf1 (23. Bb4 Bxb4 24. Qxb4 Nb8 $19 {
[%cal Rb8c6,Rc6b4,Rc6a5]}) 23... Nb8 $1 {[%cal Gd8d7,Gd7a4] Schwarz geht mit
dem Springer zurück und bereitet Qd7 vor.} 24. Rdc1 Qd7 25. Qxd7 (25. Qa1 Na6
$19) 25... Nxd7 26. Be1 {[%cal Gf3d2,Gd2c4]} f6 (26... Bxf1 27. Rxc8 Rxc8 28.
Kxf1 Rb8 $17) 27. Bxc4 (27. Nd2 b2 28. Rxc4 dxc4 29. Nxc4 fxe5 30. dxe5 Nxe5 $1
31. Nxe5 Rc1 $17) 27... Rxc4 (27... dxc4 28. Nd2 fxe5 29. Rxc4 Rxc4 30. Nxc4
exd4 31. Rxb3 $17) 28. Nd2 (28. Rxc4 dxc4 $19) 28... Rxc1 29. Rxc1 b2 {[%csl
Gb2] Der schwarze b-Bauer entscheidet die Partie.} 30. Rc2 (30. Rb1 Rb8 $19)
30... Rb8 31. Nb1 Bb4 $1 $19 32. Kf1 fxe5 33. Rc7 exd4 $1 {[%mdl 64]} 34. a6
Nc5 35. Rxa7 Bxe1 36. Kxe1 Rc8 37. Ke2 e5 38. Na3 e4 39. h5 d3+ 40. Kd2 Nb3+
0-1